[Event "SVK-chT1E 2122"]
[Site "Slovakia"]
[Date "2022.04.23"]
[Round "8.6"]
[White "Mnich, Jozef"]
[Black "Kardis, Benjamin"]
[Result "1/2-1/2"]
[WhiteElo "2010"]
[BlackElo "1992"]
[PlyCount "37"]
[EventDate "2022.01.29"]
[EventType "team-tourn"]
[EventRounds "11"]
[EventCountry "SVK"]
[SourceTitle "EXT 2023"]
[Source "ChessBase"]
[SourceDate "2022.10.05"]
[SourceVersion "1"]
[SourceVersionDate "2022.10.05"]
[SourceQuality "1"]
[WhiteTeam "Presov Tatran Dason"]
[BlackTeam "Humenne Reinter II"]
[WhiteTeamCountry "SVK"]
[BlackTeamCountry "SVK"]

1. e4 c6 2. d4 d5 3. exd5 cxd5 4. c4 Nf6 5. Nc3 Nc6 6. cxd5 Nxd5 7. Bc4 e6 8. Nge2 Be7 9. Bxd5 exd5 10. Qb3 Nb4 11. 0-0 Bf5 12. Qa4+ Bd7 13. Qd1 Bg4 14. a3 Nc6 15. Qb3 Bxe2 16. Nxe2 Qd7 17. Nf4 Rd8 18. Qg3 g6 19. Be3 1/2-1/2

[Event "SVK-chT2D 1920"]
[Site "Slovakia"]
[Date "2019.11.17"]
[Round "4.4"]
[White "Mnich, Jozef"]
[Black "Tomondy, Miroslav"]
[Result "1-0"]
[WhiteElo "2005"]
[BlackElo "1985"]
[PlyCount "89"]
[EventDate "2019.10.26"]
[EventType "team-tourn"]
[EventRounds "11"]
[EventCountry "SVK"]
[SourceTitle "CBM 193 Extra"]
[Source "ChessBase"]
[SourceDate "2020.01.31"]
[SourceVersion "1"]
[SourceVersionDate "2020.01.31"]
[SourceQuality "1"]
[WhiteTeam "Presov Tatran Dason"]
[BlackTeam "Kosice Slavia UPJS III"]
[WhiteTeamCountry "SVK"]
[BlackTeamCountry "SVK"]

1. e4 c6 2. d4 d5 3. exd5 cxd5 4. c4 Nf6 5. Nc3 Nc6 6. Nf3 e6 7. Be2 Be7 8. 0-0 0-0 9. Bg5 b6 10. Ne5 Nxe5 11. dxe5 Ne8 12. Bxe7 Qxe7 13. cxd5 exd5 14. Bf3 Qxe5 15. Re1 Qg5 16. Nxd5 Rb8 17. Ne7+ Kh8 18. Qd8 Be6 19. Qxb8 Qxe7 20. Qe5 Qf6 21. Bd5 Qxe5 22. Rxe5 Bxd5 23. Rxd5 Nf6 24. Rd2 Kg8 25. Rad1 Re8 26. Rd8 Kf8 27. Rxe8+ Kxe8 28. Kf1 Ke7 29. Ke2 h6 30. Rd4 Nd7 31. Rg4 g6 32. Ra4 a5 33. Re4+ Kd6 34. Re8 h5 35. Kd3 Ne5+ 36. Kd4 Nc6+ 37. Kc4 Kd7 38. Rf8 Kd6 39. Kb5 Ne5 40. Re8 Ng4 41. f3 Nf6 42. Rf8 Ke7 43. Rb8 Nd5 44. Rxb6 Nxb6 45. Kxb6 1-0

[Event "SVK-chT2D 1819"]
[Site "Slovakia"]
[Date "2018.10.13"]
[Round "1.8"]
[White "Kacir, Tomas1111"]
[Black "Mnich, Jozef"]
[Result "0-1"]
[WhiteElo "1754"]
[BlackElo "2022"]
[PlyCount "100"]
[EventDate "2018.10.13"]
[EventType "team-tourn"]
[EventRounds "11"]
[EventCountry "SVK"]
[SourceTitle "CBM 187 Extra"]
[Source "ChessBase"]
[SourceDate "2018.11.04"]
[SourceVersion "1"]
[SourceVersionDate "2018.11.04"]
[SourceQuality "1"]
[WhiteTeam "Sabinov II"]
[BlackTeam "Presov Tatran Dason"]
[WhiteTeamCountry "SVK"]
[BlackTeamCountry "SVK"]

1. e4 e6 2. d4 d5 3. exd5 exd5 4. Bf4 Nf6 5. Bd3 Be7 6. Nf3 Bg4 7. 0-0 0-0 8. Nbd2 c5 9. c3 Nc6 10. Qc2 cxd4 11. Nxd4 Nxd4 12. cxd4 Qb6 13. Nb3 Rac8 14. Qd2 Bb4 15. Qe3 Rfe8 16. Be5 Nd7 17. Qg5 Nxe5 18. dxe5 Bd7 19. Rac1 Rxc1 20. Rxc1 a5 21. Qh4 g6 22. Qd4 Qxd4 23. Nxd4 Rxe5 24. Rc7 Re1+ 25. Bf1 Bc6 26. Nxc6 bxc6 27. Rxc6 d4 28. a3 Be7 29. Rc7 Bd6 30. Rd7 Bxh2+ 31. Kxh2 Rxf1 32. Rxd4 Rxf2 33. b4 axb4 34. Rxb4 Ra2 35. Ra4 Kg7 36. Ra8 h5 37. a4 f5 38. Kg3 Kf6 39. a5 Kg5 40. a6 Ra3+ 41. Kh2 Kg4 42. a7 g5 43. Kg1 Kg3 44. Kf1 g4 45. Rf8 Rxa7 46. Rxf5 h4 47. Kg1 Ra1+ 48. Rf1 Rxf1+ 49. Kxf1 Kh2 50. Kf2 g3+ 0-1

[Event "SVK-chT2D 1617"]
[Site "Slovakia"]
[Date "2016.12.04"]
[Round "6.5"]
[White "Pcola, Jaroslav"]
[Black "Mnich, Jozef"]
[Result "0-1"]
[WhiteElo "1932"]
[BlackElo "2041"]
[PlyCount "56"]
[EventDate "2016.10.08"]
[EventType "team-tourn"]
[EventRounds "11"]
[EventCountry "SVK"]
[SourceTitle "EXT 2018"]
[Source "ChessBase"]
[SourceDate "2017.10.13"]
[SourceVersion "1"]
[SourceVersionDate "2017.10.13"]
[SourceQuality "1"]
[WhiteTeam "Humenne Reinter II"]
[BlackTeam "Presov Tatran"]
[WhiteTeamCountry "SVK"]
[BlackTeamCountry "SVK"]

1. e4 e6 2. d4 d5 3. e5 c5 4. Nf3 cxd4 5. Nxd4 Nc6 6. Nxc6 bxc6 7. b3 Bc5 8. Bd3 Bd4 9. c3 Bxe5 10. 0-0 Nf6 11. Re1 Qc7 12. h3 0-0 13. Bb2 Bd6 14. Nd2 e5 15. c4 e4 16. Bc2 Be5 17. Bxe5 Qxe5 18. Nf3 Qh5 19. Nd4 Bd7 20. Qxh5 Nxh5 21. f3 f5 22. g4 fxg4 23. fxe4 gxh3 24. exd5 cxd5 25. cxd5 Rf4 26. Re4 Raf8 27. Ne2 Rf2 28. Re5 Bg4 0-1

[Event "SVK-chT2D 1516"]
[Site "Slovakia"]
[Date "2015.12.05"]
[Round "5.4"]
[White "Mnich, Jozef"]
[Black "Pavlik, Milan"]
[Result "0-1"]
[WhiteElo "2019"]
[BlackElo "2010"]
[PlyCount "86"]
[EventDate "2015.10.17"]
[EventType "team-tourn"]
[EventRounds "11"]
[EventCountry "SVK"]
[SourceTitle "CBM 170 Extra"]
[Source "ChessBase"]
[SourceDate "2016.02.25"]
[SourceVersion "1"]
[SourceVersionDate "2016.02.25"]
[SourceQuality "1"]
[WhiteTeam "Presov Tatran"]
[BlackTeam "Sabinov II"]
[WhiteTeamCountry "SVK"]
[BlackTeamCountry "SVK"]

1. e4 c5 2. c3 Nf6 3. e5 Nd5 4. d4 cxd4 5. cxd4 Nc6 6. Nc3 Nxc3 7. bxc3 d6 8. exd6 Qxd6 9. Nf3 Bg4 10. Be2 e6 11. Qb3 Be7 12. 0-0 b6 13. h3 Bxf3 14. Bxf3 0-0 15. Re1 Rac8 16. Bxc6 Rxc6 17. Bb2 Rfc8 18. Rad1 Bf6 19. Re3 h6 20. Rde1 Rc4 21. Qd1 b5 22. a3 a5 23. Qh5 Qc7 24. d5 Rc5 25. Qg4 Rxd5 26. Rxe6 Qd7 27. R6e4 Qxg4 28. hxg4 Rd2 29. R1e2 Rxe2 30. Rxe2 Bxc3 31. Rc2 b4 32. axb4 axb4 33. Kf1 Kf8 34. Bxc3 bxc3 35. Ke2 Ke7 36. f4 Ke6 37. Kd3 f5 38. gxf5+ Kxf5 39. Ke3 Kg4 40. Ke4 Re8+ 41. Kd5 Rc8 42. Ke5 Re8+ 43. Kd6 Re3 0-1

[Event "SVK-chT2D 10/11"]
[Site "Slovakia"]
[Date "2011.03.26"]
[Round "10.3"]
[White "Repka, Christopher"]
[Black "Mnich, Jozef"]
[Result "1-0"]
[WhiteElo "2042"]
[BlackElo "1975"]
[PlyCount "77"]
[EventDate "2010.10.23"]
[EventType "team-tourn"]
[EventRounds "11"]
[EventCountry "SVK"]
[SourceTitle "EXT 2019"]
[Source "ChessBase"]
[SourceDate "2018.10.10"]
[SourceVersion "1"]
[SourceVersionDate "2018.10.10"]
[SourceQuality "1"]
[WhiteTeam "Stara Lubovna"]
[BlackTeam "Presov Tatran"]
[WhiteTeamCountry "SVK"]
[BlackTeamCountry "SVK"]

1. Nf3 e6 2. d4 d5 3. Bf4 Bd6 4. e3 Bxf4 5. exf4 c5 6. dxc5 Qa5+ 7. Nc3 Qxc5 8. Bd3 Nf6 9. 0-0 0-0 10. Re1 Qb4 11. Qd2 Qxb2 12. Nb5 Ne4 13. Bxe4 Qxb5 14. Bd3 Qa4 15. Rab1 Nc6 16. c3 Qa5 17. Rb5 Qc7 18. Reb1 a6 19. Rb6 Rb8 20. g3 f6 21. Bc2 Na5 22. Qd3 g6 23. Nd4 Re8 24. f5 Nc4 25. Nxe6 Qe5 26. f4 Qxf5 27. Qxc4 dxc4 28. Bxf5 gxf5 29. Nc5 Re3 30. Rc1 a5 31. Kf2 Re7 32. Rd1 Kf7 33. Rdd6 Ra8 34. Rxf6+ Kg7 35. Rfd6 Rc7 36. Rd5 Re7 37. Re5 Rxe5 38. fxe5 a4 39. Ke3 1-0

[Event "SVK-chT2D 10/11"]
[Site "Slovakia"]
[Date "2010.10.23"]
[Round "1.5"]
[White "Ressler, Vladimir"]
[Black "Mnich, Jozef"]
[Result "0-1"]
[WhiteElo "1941"]
[BlackElo "1975"]
[PlyCount "56"]
[EventDate "2010.10.23"]
[EventType "team-tourn"]
[EventRounds "11"]
[EventCountry "SVK"]
[SourceTitle "EXT 2019"]
[Source "ChessBase"]
[SourceDate "2018.10.10"]
[SourceVersion "1"]
[SourceVersionDate "2018.10.10"]
[SourceQuality "1"]
[WhiteTeam "Michalovce Zemplin II"]
[BlackTeam "Presov Tatran"]
[WhiteTeamCountry "SVK"]
[BlackTeamCountry "SVK"]

1. d4 e6 2. Nf3 Nf6 3. c4 d5 4. Nc3 c6 5. Bg5 Nbd7 6. e4 dxe4 7. Nxe4 Qa5+ 8. Bd2 Qf5 9. Ng3 Qg6 10. Qb3 Ne4 11. Bd3 Nxd2 12. Nxd2 Qf6 13. Nf3 Be7 14. 0-0 0-0 15. Qc2 Qh6 16. Ne5 c5 17. f4 cxd4 18. Ng4 Qh4 19. Be2 Bc5 20. Qd3 f5 21. Ne5 Nxe5 22. fxe5 Bd7 23. Bf3 Bc6 24. a3 a5 25. Ne2 Be4 26. Bxe4 fxe4 27. Qg3 d3+ 28. Kh1 dxe2 0-1

[Event "SVK-chT1E 0809"]
[Site "Slovakia"]
[Date "2009.03.08"]
[Round "11.3"]
[White "Mnich, Jozef"]
[Black "Bakalar, Jan"]
[Result "1/2-1/2"]
[WhiteElo "1999"]
[BlackElo "2106"]
[PlyCount "75"]
[EventDate "2008.10.18"]
[EventType "team-tourn"]
[EventRounds "11"]
[EventCountry "SVK"]
[SourceTitle "EXT 2010"]
[Source "ChessBase"]
[SourceDate "2010.11.25"]
[SourceVersion "1"]
[SourceVersionDate "2010.11.25"]
[SourceQuality "1"]
[WhiteTeam "Presov Tatran"]
[BlackTeam "Rajecke Teplice"]
[WhiteTeamCountry "SVK"]
[BlackTeamCountry "SVK"]

1. e4 c5 2. c3 d5 3. exd5 Qxd5 4. d4 Nf6 5. Nf3 e6 6. Be2 Be7 7. 0-0 cxd4 8. cxd4 0-0 9. Nc3 Qd8 10. Bf4 Nc6 11. Rc1 Nb4 12. Qb3 Nbd5 13. Bg3 b6 14. Ne5 Bb7 15. Bf3 Rc8 16. Nb5 a6 17. Na7 Rxc1 18. Rxc1 Qa8 19. Nac6 Rc8 20. Nxe7+ Nxe7 21. Rxc8+ Qxc8 22. h3 Bxf3 23. Nxf3 Ned5 24. Bh4 b5 25. Qa3 h6 26. Bxf6 Nxf6 27. Qc5 Qb7 28. Ne5 g6 29. Qd6 Kg7 30. Nd3 Qe4 31. Nc5 Qe1+ 32. Kh2 Qxf2 33. b3 Nh5 34. Qe5+ Kh7 35. Nd7 Qf4+ 36. Kg1 Qc1+ 37. Kh2 Qf4+ 38. Kg1 1/2-1/2